000
00200nam a2200085 4500
100
_a
Elliot
245
_a
The Accent Correction Video
260
_a
USA:
_b
Lingua Marketing International,
_c
1993.
942
_c
BK
999
_c
7672
_d
7672